Processo coletivo do trabalho (Registro nro. 163963)
[ vista simple ]
| 000 -LEADER | |
|---|---|
| fixed length control field | 01997nam a22002537a 4500 |
| 007 - PHYSICAL DESCRIPTION FIXED FIELD--GENERAL INFORMATION | |
| fixed length control field | cr|||| ||u| |
| 008 - FIXED-LENGTH DATA ELEMENTS--GENERAL INFORMATION | |
| fixed length control field | 151029s2009 bl |||||||||| 00||0 por d |
| 020 ## - INTERNATIONAL STANDARD BOOK NUMBER | |
| International Standard Book Number | 978-85-361-1384-5 |
| 035 ## - | |
| -- | 12821 |
| 040 ## - CATALOGING SOURCE | |
| Original cataloging agency | vLex |
| 090 ## - | |
| -- | 5628 |
| -- | 5628 |
| 100 1# - MAIN ENTRY--PERSONAL NAME | |
| Personal name | Martins Filho, Ives Gandra |
| 245 10 - TITLE STATEMENT | |
| Title | Processo coletivo do trabalho |
| Medium | [Recurso electrónico] / |
| Statement of responsibility, etc | Ives Gandra Martins Filho |
| 256 ## - | |
| -- | Servicio en línea |
| 260 ## - PUBLICATION, DISTRIBUTION, ETC. (IMPRINT) | |
| Place of publication, distribution, etc | São Paulo |
| Name of publisher, distributor, etc | LTR Editora |
| Date of publication, distribution, etc | 2009 |
| 300 ## - PHYSICAL DESCRIPTION | |
| Extent | 1 recurso electrónico |
| 500 ## - GENERAL NOTE | |
| General note | Trata-se de obra que, aprofundando-se na natureza do Poder Normativo da Justiça do Trabalho, busca conjugar e sistematizar as normas processuais aplicáveis às ações coletivas, cuja escassez enseja notável flexibilidade ao Processo Coletivo do Trabalho, mormente após a revogação da Instrução Normativa n. 4/TST e a promulgação da Emenda Constitucional n. 45/04, que condicionou a instauração da instância judicial coletiva ao comum acordo das partes litigantes. A par das disposições legais e regimentais de cunho processual, também é apreciado na obra o fruto da jurisdição normativa das Cortes Laborais, contemplando-se as soluções mais comuns aos conflitos coletivos, em termos de estabelecimento de condições melhores de trabalho e remuneração. Finalmente, o tema das ações coletivas lato sensu é focado quanto à ação civil pública, que constitui ainda matéria de notáveis controvérsias em nossas Cortes Laborais. |
| 506 1# - RESTRICTIONS ON ACCESS NOTE | |
| Terms governing access | Contenido solo disponible en los productos indicados |
| Authorized users | vLex Global |
| -- | vLex Global (Academic Edition, excluding Law Schools) |
| -- | vLex Global (U.S. Academic Edition, Law Schools) |
| -- | vLex Global (U.S. Academic Edition, excluding Law Schools) |
| -- | vLex Global (Academic Edition, Law Schools) |
| 650 04 - SUBJECT ADDED ENTRY--TOPICAL TERM | |
| Topical term or geographic name as entry element | Derecho público |
| Geographic subdivision | Brasil |
| 740 0# - | |
| -- | vLex libros (servicio en línea) |
| 856 ## - LOCALIZACIÓN Y ACCESO ELECTRÓNICO | |
| Identificador Uniforme del Recurso (URI/URL) | https://app.vlex.com/#/sources/processo-coletivo-do-trabalho-12821/info |
| 942 ## - | |
| -- | RAA |
| 999 ## - | |
| -- | 163963 |
| -- | 163963 |
No hay ítems disponibles.